00601nam a2200145Ia 4500008004100000024005600041082001800097100007700115245005200192260002500244600002700269650003300296952010900329999001700438250506s9999 xx 000 0 und d a08B-154-EE, 08B-124-EE, 08B-163-EE & 08B-140-EE a629.83072 MUH aMuhammad Fawad Ahmed, Muhammad Haris, Mudassir Akram & Khalilullah Malik 0aAC/DC Controlled Uncontrolled Converter Trainer aKarachi:bUIT,c2008 aElectronic Engineering aBachelor of Engineering (BE) 001040708PR-EEaUITUbUITUd2022-07-26l0o629.83072 MUHpEE-214r2025-05-06 11:34:14w2025-05-06yPR c27966d27966